[Event "Eastern Ontario op"]
[Site "Ottawa CAN"]
[Date "2025.06.15"]
[Round "4.1"]
[White "Sambuev, Bator"]
[Black "Jaferian, Koosha"]
[Result "1-0"]
[WhiteElo "2502"]
[BlackElo "2459"]
[WhiteFideId "-1"]
[WhiteFideId "-1"]
[PlyCount "101"]
[GameId "2190427943091850"]
[EventDate "2025.06.13"]
[EventType "swiss"]
[EventRounds "5"]
[EventCountry "CAN"]
[WhiteClock "0:25:00"]
[BlackClock "0:17:30"]

1. Nf3 {[%emt 0:22:58]} Nf6 {[%emt 0:00:12]} 2. c4 {[%emt 0:00:11]} c5 {[%emt 0:00:08]} 3. Nc3 {[%emt 0:02:16]} Nc6 4. g3 {[%emt 0:03:19]} d5 {[%emt 0:01:31]} 5. cxd5 {[%emt 0:00:37]} Nxd5 {[%emt 0:00:07]} 6. Bg2 {[%emt 0:00:02]} Nc7 {[%emt 0:00:11]} 7. O-O {[%emt 0:02:03]} e5 {[%emt 0:00:13]} 8. Ne1 {[%emt 0:01:01]} Be7 {[%emt 0:03:38]} 9. b3 {[%emt 0:04:31]} O-O {[%emt 0:03:31]} 10. Nd3 {[%emt 0:00:48]} Qd7 {[%emt 0:08:08]} 11. Bb2 {[%emt 0:02:51]} f6 {[%emt 0:03:27]} 12. f4 {[%emt 0:00:51]} exf4 {[%emt 0:02:01]} 13. Nxf4 {[%emt 0:00:10]} b6 {[%emt 0:05:17]} 14. Ncd5 {[%emt 0:08:40]} Nxd5 {[%emt 0:06:05]} 15. Bxd5+ {[%emt 0:01:47]} Kh8 {[%emt 0:00:07]} 16. e4 {[%emt 0:00:37]} Qe8 {[%emt 0:11:53]} 17. d4 {[%emt 0:16:39]} Bd7 {[%emt 0:15:15]} 18. Bxc6 {[%emt 0:07:21]} Bxc6 {[%emt 0:00:05]} 19. d5 {[%emt 0:00:06]} Bb5 {[%emt 0:03:18]} 20. Rf2 {[%emt 0:09:56]} Bd6 21. Ne6 Rf7 22. Qg4 Be5 {[%emt 0:05:44]} 23. Bxe5 {[%emt 0:02:31]} fxe5 {[%emt 0:00:13]} 24. Qg5 {[%emt 0:01:04]} Qe7 {[%emt 0:04:23]} 25. Rxf7 {[%emt 0:06:17]} Qxf7 {[%emt 0:00:08]} 26. Qxe5 {[%emt 0:00:07]} Re8 {[%emt 0:02:04]} 27. Qf4 {[%emt 0:02:30]} Qe7 {[%emt 0:00:22]} 28. Nc7 {[%emt 0:03:45]} Rf8 {[%emt 0:00:23]} 29. d6 {[%emt 0:00:05]} Qd8 {[%emt 0:00:53]} 30. Qe5 {[%emt 0:00:14]} Bd7 {[%emt 0:03:31]} 31. Rf1 {[%emt 0:01:26]} Rxf1+ {[%emt 0:01:38]} 32. Kxf1 {[%emt 0:00:07]} Qf6+ {[%emt 0:08:17]} 33. Qxf6 gxf6 34. Ke2 Kg7 35. Ke3 Kf7 36. Kf4 h5 {[%emt 0:03:03]} 37. e5 {[%emt 0:00:26]} Bc8 {[%emt 0:00:59]} 38. Nd5 {[%emt 0:00:20]} fxe5+ {[%emt 0:00:09]} 39. Kxe5 {[%emt 0:00:04]} b5 {[%emt 0:00:15]} 40. Nf4 {[%emt 0:00:46]} c4 {[%emt 0:01:15]} 41. bxc4 {[%emt 0:00:16]} bxc4 {[%emt 0:00:03]} 42. Kd4 {[%emt 0:00:14]} Ba6 {[%emt 0:00:32]} 43. Nd5 {[%emt 0:01:02]} Bb5 {[%emt 0:00:19]} 44. Nc7 {[%emt 0:00:10]} Bd7 {[%emt 0:00:05]} 45. Kxc4 {[%emt 0:00:07]} Kf6 {[%emt 0:00:06]} 46. Kd4 {[%emt 0:00:25]} Kg5 {[%emt 0:00:12]} 47. Nd5 {[%emt 0:00:15]} Bc8 {[%emt 0:00:20]} 48. Ke5 Kg4 49. Nf6+ Kh3 50. Nxh5 Kxh2 51. Kf4 1-0

[Event "Eastern Ontario op"]
[Site "Ottawa CAN"]
[Date "2025.06.15"]
[Round "4.2"]
[White "Moses, Neil"]
[Black "Rodrigue-Lemieux, Shawn"]
[Result "1/2-1/2"]
[WhiteElo "2321"]
[BlackElo "2614"]
[WhiteFideId "-1"]
[WhiteFideId "-1"]
[PlyCount "53"]
[GameId "2190427941502601"]
[EventDate "2025.06.13"]
[EventType "swiss"]
[EventRounds "5"]
[EventCountry "CAN"]
[WhiteClock "0:35:03"]
[BlackClock "0:34:34"]

1. e4 {[%emt 0:00:02]} c6 {[%emt 0:00:08]} 2. d4 {[%emt 0:00:07]} d5 {[%emt 0:00:08]} 3. e5 {[%emt 0:00:05]} Bf5 {[%emt 0:00:56]} 4. Nf3 {[%emt 0:00:10]} e6 {[%emt 0:00:09]} 5. Be2 {[%emt 0:00:06]} Ne7 {[%emt 0:00:34]} 6. O-O {[%emt 0:00:34]} c5 {[%emt 0:00:08]} 7. c4 {[%emt 0:02:00]} Nbc6 8. dxc5 d4 9. Qb3 Qc7 {[%emt 0:00:36]} 10. Na3 {[%emt 0:00:24]} a6 {[%emt 0:00:07]} 11. Qa4 {[%emt 0:01:18]} Rd8 12. b4 {[%emt 0:00:17]} Ng6 {[%emt 0:05:41]} 13. Bb2 {[%emt 0:01:24]} d3 {[%emt 0:01:39]} 14. Bd1 {[%emt 0:00:08]} Rd7 {[%emt 0:06:53]} 15. Re1 {[%emt 0:18:51]} Be7 {[%emt 0:00:49]} 16. Nb1 {[%emt 0:06:49]} O-O {[%emt 0:02:11]} 17. Nbd2 {[%emt 0:01:17]} Rfd8 {[%emt 0:07:06]} 18. a3 {[%emt 0:04:00]} h5 {[%emt 0:03:19]} 19. Re3 {[%emt 0:11:12]} h4 {[%emt 0:01:09]} 20. g3 {[%emt 0:02:57]} h3 {[%emt 0:01:55]} 21. Bc3 {[%emt 0:08:23]} Ra8 {[%emt 0:13:55]} 22. Qb3 {[%emt 0:05:04]} a5 {[%emt 0:08:51]} 23. Qb2 {[%emt 0:09:53]} Bg4 {[%emt 0:02:45]} 24. Re4 {[%emt 0:02:04]} Bf5 {[%emt 0:00:19]} 25. Re3 {[%emt 0:00:20]} Bg4 {[%emt 0:00:06]} 26. Re4 {[%emt 0:00:48]} Bf5 {[%emt 0:00:06]} 27. Re3 {[%emt 0:00:05]} 1/2-1/2

[Event "Eastern Ontario op"]
[Site "Ottawa CAN"]
[Date "2025.06.15"]
[Round "4.3"]
[White "Sai, Krishna GV"]
[Black "Latorre, Vincent"]
[Result "0-1"]
[WhiteElo "2617"]
[BlackElo "2362"]
[WhiteFideId "-1"]
[WhiteFideId "-1"]
[PlyCount "212"]
[GameId "2190427943112350"]
[EventDate "2025.06.13"]
[EventType "swiss"]
[EventRounds "5"]
[EventCountry "CAN"]

1. e4 e5 2. Nf3 Nc6 3. Bb5 a6 4. Ba4 Nf6 5. O-O Bc5 6. Bxc6 dxc6 7. d3 Qd6 8. Be3 Be6 9. Nbd2 O-O-O 10. Qe2 Nd7 11. Nb3 Bxe3 12. Qxe3 c5 13. Nbd2 f6 14. a3 Nb8 15. Rfb1 Nc6 16. Ne1 a5 17. b3 Qd4 18. Ndf3 Qc3 19. Qd2 Qxd2 20. Nxd2 a4 21. b4 cxb4 22. axb4 b5 23. c4 Nd4 24. cxb5 Nb3 25. Nxb3 axb3 26. d4 Bc4 27. Nf3 Kb7 28. h4 Kb6 29. Ra5 exd4 30. Nd2 Bf7 31. Rc1 d3 32. Ra6+ Kxb5 33. Ra7 Rd7 34. Rb7+ Ka6 35. Rcxc7 Rxc7 36. Rxc7 Rf8 37. Rd7 Kb5 38. Rxd3 Kxb4 39. Rd7 Kc3 40. Kf1 Be8 41. Rd6 Bb5+ 42. Ke1 Ra8 43. Nxb3 Kxb3 44. Rb6 Kb4 45. Kd2 Kc5 46. Rb7 Rd8+ 47. Ke3 Rd7 48. Rb8 Bf1 49. Rc8+ Kd6 50. g4 Ke6 51. f3 Kf7 52. Rc1 Bb5 53. Rc3 Rb7 54. Rb3 Bc6 55. Ra3 Bd7 56. Kf4 Be6 57. Ra8 g6 58. Ra6 Rd7 59. Ra3 Bc4 60. Rc3 Be2 61. Ke3 Bd1 62. Rc1 f5 63. gxf5 gxf5 64. exf5 Kf6 65. Ke4 Ba4 66. Rc8 Re7+ 67. Kf4 Bd7 68. Ra8 Re8 69. Ra6+ Kf7 70. Ra7 Re7 71. Kg5 Bc8 72. Ra8 Rc7 73. Ra5 Kg7 74. Rb5 h6+ 75. Kf4 Rc4+ 76. Kg3 Bd7 77. Rb7 Rd4 78. Ra7 Rd6 79. Kg4 Kf6 80. Ra5 Rd4+ 81. Kg3 Bxf5 82. Ra6+ Be6 83. Rb6 Kf5 84. Rb8 Rd7 85. Rb5+ Bd5 86. Ra5 Rg7+ 87. Kf2 Ke5 88. Ra6 Be6 89. Ra5+ Kd4 90. Ra6 Rg6 91. h5 Rf6 92. Kg3 Ke5 93. f4+ Kf5 94. Ra5+ Ke4 95. Ra4+ Kd5 96. Ra5+ Kd6 97. Ra6+ Ke7 98. Ra7+ Bd7 99. Ra2 Rf5 100. Rh2 Kf6 101. Rh1 Be6 102. Rh2 Rb5 103. Rh1 Rb3+ 104. Kf2 Rf3+ 105. Kg2 Bd5 106. Kh2 Rh3+ 0-1

[Event "Eastern Ontario op"]
[Site "Ottawa CAN"]
[Date "2025.06.15"]
[Round "4.5"]
[White "Chen, Max"]
[Black "Rousskikh, Maxim"]
[Result "1-0"]
[WhiteElo "2392"]
[BlackElo "2211"]
[WhiteFideId "-1"]
[WhiteFideId "-1"]
[PlyCount "67"]
[GameId "2190427943091856"]
[EventDate "2025.06.13"]
[EventType "swiss"]
[EventRounds "5"]
[EventCountry "CAN"]

1. Nf3 d5 2. g3 Nd7 3. d4 Nb6 4. Bg2 Nf6 5. O-O Bf5 6. Ne5 c6 7. e3 e6 8. g4 Bg6 9. h4 Ng8 10. h5 f6 11. hxg6 fxe5 12. dxe5 Qg5 13. e4 Qxg6 14. exd5 cxd5 15. Be3 Nc4 16. Bd4 h5 17. b3 Nb6 18. c4 Ne7 19. Nc3 hxg4 20. Bxb6 axb6 21. cxd5 Rc8 22. Qd4 Nf5 23. Qa4+ Ke7 24. d6+ Kd8 25. Rfc1 Ng3 26. fxg3 Qd3 27. Nd5 Bxd6 28. exd6 exd5 29. Qf4 Rc6 30. Qg5+ Kc8 31. d7+ Kc7 32. Qe5+ Kd8 33. Rxc6 bxc6 34. Re1 1-0

[Event "Eastern Ontario op"]
[Site "Ottawa CAN"]
[Date "2025.06.15"]
[Round "4.6"]
[White "Saine, Zachary"]
[Black "Dukic, Zachary"]
[Result "0-1"]
[WhiteElo "2132"]
[BlackElo "2368"]
[WhiteFideId "-1"]
[WhiteFideId "-1"]
[PlyCount "88"]
[GameId "2190427943091855"]
[EventDate "2025.06.13"]
[EventType "swiss"]
[EventRounds "5"]
[EventCountry "CAN"]

1. e4 d6 2. d4 Nf6 3. Nc3 e5 4. Nf3 Nbd7 5. Bc4 Be7 6. O-O O-O 7. Re1 c6 8. a4 a5 9. h3 exd4 10. Qxd4 Nb6 11. Bf1 d5 12. e5 Nfd7 13. Bf4 Nc5 14. Bg3 Bf5 15. Qd2 Ne6 16. Rac1 d4 17. Ne4 Bxe4 18. Rxe4 Qd5 19. Bd3 Nc4 20. Bxc4 Qxe4 21. Bxe6 fxe6 22. Qxd4 Qxd4 23. Nxd4 Kf7 24. Kf1 Rfc8 25. Ke2 b5 26. axb5 cxb5 27. Nxb5 Rab8 28. Nd6+ Bxd6 29. exd6 Rxb2 30. Kd3 Rc5 31. c4 e5 32. Rd1 Ke6 33. d7 Rb8 34. f4 Rd8 35. Kc3 exf4 36. Bxf4 Rxd7 37. Re1+ Kf7 38. Be3 Re5 39. c5 Ke8 40. Bf2 Rxe1 41. Bxe1 Rd1 42. Bf2 Kd7 43. g3 Kc6 44. Kc4 Rc1+ 0-1

[Event "Eastern Ontario op"]
[Site "Ottawa CAN"]
[Date "2025.06.15"]
[Round "4.7"]
[White "Yu, Jonathan"]
[Black "Demchenko, Svitlana"]
[Result "1/2-1/2"]
[WhiteElo "2233"]
[BlackElo "2353"]
[WhiteFideId "-1"]
[WhiteFideId "-1"]
[PlyCount "243"]
[GameId "2190427943112349"]
[EventDate "2025.06.13"]
[EventType "swiss"]
[EventRounds "5"]
[EventCountry "CAN"]

1. b4 e6 2. Bb2 Nf6 3. a3 a5 4. c3 d5 5. Nf3 Bd6 6. g3 e5 7. Bg2 Qe7 8. d3 c6 9. O-O O-O 10. e3 Bg4 11. Qc2 e4 12. dxe4 dxe4 13. Nd4 Re8 14. Nd2 h5 15. h3 Bc8 16. Rfd1 h4 17. g4 Qe5 18. Nf1 Nxg4 19. hxg4 Bxg4 20. f4 exf3 21. Nxf3 Qf6 22. c4 Qh6 23. Rxd6 Qxd6 24. Rd1 Qh6 25. Rd4 Bxf3 26. Bxf3 axb4 27. axb4 Qg6+ 28. Qxg6 fxg6 29. Rd1 Kf7 30. b5 Ra2 31. Rd2 Re7 32. Kg2 Rd7 33. Rc2 Rd3 34. Rf2 Kg8 35. Bg4 Nd7 36. Be6+ Kh7 37. bxc6 bxc6 38. c5 Ra4 39. Rf7 Nxc5 40. Rxg7+ Kh6 41. Bf7 Rg4+ 42. Kf3 Rg1 43. Nh2 Rd2 44. Ng4+ Rxg4 45. Kxg4 Rxb2 46. Rxg6+ Kh7 47. Rxc6 Rb4+ 48. Kh5 Kg7 49. Bg6 Ne4 50. Kxh4 Nf6+ 51. Kg5 Rg4+ 52. Kf5 Rxg6 53. e4 Rh6 54. Rc7+ Kf8 55. Ra7 Ng8 56. e5 Ne7+ 57. Kg5 Re6 58. Kf4 Kf7 59. Ke4 Rb6 60. Kf4 Ke6 61. Ra8 Rb4+ 62. Kf3 Kxe5 63. Re8 Kf6 64. Rf8+ Kg5 65. Ke3 Nf5+ 66. Kd3 Kf4 67. Kc3 Ra4 68. Kd3 Ke5 69. Re8+ Kd5 70. Rd8+ Nd6 71. Ke3 Ke5 72. Kf3 Rf4+ 73. Ke2 Rd4 74. Rh8 Nf5 75. Re8+ Kf4 76. Rf8 Rd7 77. Ke1 Ke4 78. Re8+ Kf3 79. Rf8 Rd5 80. Rf6 Ke4 81. Re6+ Kf4 82. Rf6 Rd3 83. Rf8 Ra3 84. Kd2 Ke4 85. Re8+ Kd5 86. Rd8+ Nd6 87. Ke2 Ke5 88. Rh8 Kd4 89. Rd8 Re3+ 90. Kf2 Re6 91. Kf3 Rf6+ 92. Ke2 Ke4 93. Rd7 Nc4 94. Re7+ Ne5 95. Re8 Ra6 96. Kd2 Rc6 97. Kd1 Kd4 98. Rd8+ Ke3 99. Re8 Rc5 100. Re6 Kf2 101. Rf6+ Nf3 102. Rf8 Ke3 103. Re8+ Kd3 104. Rd8+ Nd4 105. Ke1 Rc2 106. Kf1 Rd2 107. Rd7 Ke3 108. Re7+ Kf4 109. Rf7+ Nf5 110. Rf8 Ke4 111. Ke1 Rc2 112. Re8+ Kd3 113. Rd8+ Nd4 114. Kf1 Ke3 115. Re8+ Kf3 116. Rf8+ Ke3 117. Re8+ Kf4 118. Rf8+ Nf5 119. Ke1 Ke3 120. Re8+ Kd3 121. Rd8+ Nd4 122. Kf1 1/2-1/2

[Event "Eastern Ontario op"]
[Site "Ottawa CAN"]
[Date "2025.06.15"]
[Round "4.8"]
[White "Hong, Zihan"]
[Black "Masse, Hugues"]
[Result "0-1"]
[WhiteElo "2033"]
[BlackElo "2259"]
[WhiteFideId "-1"]
[WhiteFideId "-1"]
[PlyCount "118"]
[GameId "2190427943091859"]
[EventDate "2025.06.13"]
[EventType "swiss"]
[EventRounds "5"]
[EventCountry "CAN"]

1. d4 Nf6 2. Bf4 g6 3. Nc3 d5 4. e3 Bg7 5. h4 O-O 6. h5 c5 7. hxg6 hxg6 8. Nf3 Qb6 9. Rb1 Nc6 10. Bb5 Bg4 11. Bxc6 bxc6 12. dxc5 Qxc5 13. Qd4 Qxd4 14. Nxd4 Bd7 15. Be5 Ng4 16. Bxg7 Kxg7 17. Na4 e5 18. Nb3 Rh8 19. Ke2 Bf5 20. Rxh8 Rxh8 21. Rc1 Nf6 22. c3 Rh2 23. Rg1 Bc2 24. Nac5 Ne4 25. Nxe4 Bxe4 26. f3 Bf5 27. Nc5 Rh8 28. b4 Ra8 29. e4 dxe4 30. fxe4 Bg4+ 31. Kd3 a5 32. a4 Rd8+ 33. Kc2 Be2 34. bxa5 Ra8 35. a6 Bxa6 36. Nxa6 Rxa6 37. Ra1 f5 38. exf5 gxf5 39. Kb3 Kf6 40. a5 e4 41. Kc4 f4 42. Kd4 Kf5 43. Ra2 e3 44. Kd3 Kg4 45. Ra4 Kg3 46. Ra2 c5 47. Kc4 Re6 48. a6 e2 49. a7 e1=Q 50. a8=Q Re4+ 51. Kb5 Qf1+ 52. Kc6 Re6+ 53. Kd7 Rg6 54. Qe4 Qd1+ 55. Ke8 Rg8+ 56. Ke7 Qd8+ 57. Kf7 Rf8+ 58. Ke6 Rf6+ 59. Ke5 Qd6# 0-1

[Event "Eastern Ontario op"]
[Site "Ottawa CAN"]
[Date "2025.06.15"]
[Round "4.9"]
[White "Tan, Shuwen"]
[Black "Lattafi, Youcef"]
[Result "1-0"]
[WhiteElo "1804"]
[BlackElo "2236"]
[WhiteFideId "-1"]
[WhiteFideId "-1"]
[PlyCount "99"]
[GameId "2190427943091858"]
[EventDate "2025.06.13"]
[EventType "swiss"]
[EventRounds "5"]
[EventCountry "CAN"]

1. Nf3 c5 2. g3 g6 3. c4 Bg7 4. Bg2 d6 5. Nc3 Nc6 6. O-O e5 7. e3 Be6 8. d3 h6 9. a3 Nge7 10. Rb1 a5 11. b3 O-O 12. Qc2 Qd7 13. Bb2 f5 14. Ne2 Rac8 15. Rbc1 d5 16. d4 cxd4 17. exd4 e4 18. Nd2 dxc4 19. Nxc4 Qd8 20. Qb1 b5 21. Ne3 Nd5 22. Rc5 Nxe3 23. fxe3 Qb6 24. Nf4 Bf7 25. Rfc1 g5 26. Nd5 Bxd5 27. Rxd5 Ne7 28. Rdc5 Rxc5 29. Rxc5 Rc8 30. Rxc8+ Nxc8 31. g4 Qe6 32. gxf5 Qxb3 33. Qxe4 Qxb2 34. Qe8+ Kh7 35. Qg6+ Kh8 36. Qe8+ Kh7 37. Qxc8 Qb1+ 38. Kf2 Qb2+ 39. Kg3 h5 40. Bf3 h4+ 41. Kg4 Qxh2 42. Qc6 Qg3+ 43. Kh5 Qb8 44. Qg6+ Kh8 45. f6 Qg8 46. fxg7+ Qxg7 47. Qxg7+ Kxg7 48. Kxg5 h3 49. Kh4 h2 50. Kh3 1-0

[Event "Eastern Ontario op"]
[Site "Ottawa CAN"]
[Date "2025.06.15"]
[Round "4.10"]
[White "Monaghan, Jim"]
[Black "Vu, Huy Minh"]
[Result "1/2-1/2"]
[WhiteElo "2184"]
[BlackElo "1960"]
[WhiteFideId "-1"]
[WhiteFideId "-1"]
[PlyCount "101"]
[GameId "2190427943091857"]
[EventDate "2025.06.13"]
[EventType "swiss"]
[EventRounds "5"]
[EventCountry "CAN"]

1. e4 e5 2. Nf3 Nc6 3. Be2 Nf6 4. d3 Be7 5. O-O d6 6. c3 O-O 7. Nbd2 d5 8. b4 a6 9. a3 Re8 10. Qc2 Bf8 11. Bb2 Nh5 12. g3 Bg4 13. Rfe1 Qd7 14. Bf1 Rad8 15. exd5 Qxd5 16. c4 Qd6 17. b5 Nd4 18. Bxd4 exd4 19. Bg2 Nf6 20. a4 Qb4 21. Rxe8 Rxe8 22. Nxd4 Bc5 23. Rb1 Qa5 24. N4b3 Qb6 25. Nxc5 Qxc5 26. Nf3 axb5 27. axb5 b6 28. Re1 Bxf3 29. Rxe8+ Nxe8 30. Bxf3 Nd6 31. Qe2 g6 32. g4 Qg5 33. Qe3 Qf6 34. Bd5 Qh4 35. Qg3 Qg5 36. f4 Qf6 37. Qe3 Qc3 38. Kg2 Qc2+ 39. Kg3 h5 40. h3 Qc3 41. Kf3 Qf6 42. Kg2 Qb2+ 43. Qf2 Qc3 44. gxh5 Qxd3 45. hxg6 Qxg6+ 46. Qg3 Kg7 47. Qg5 Kh7 48. Qxg6+ fxg6 49. Kf3 Kg7 50. Kg4 Kf6 51. Kf3 1/2-1/2

[Event "Eastern Ontario op"]
[Site "Ottawa CAN"]
[Date "2025.06.15"]
[Round "4.11"]
[White "Zhu, Elber"]
[Black "Pelev, Iassen"]
[Result "1-0"]
[WhiteElo "2103"]
[BlackElo "2017"]
[WhiteFideId "-1"]
[WhiteFideId "-1"]
[PlyCount "151"]
[GameId "2190427943091853"]
[EventDate "2025.06.13"]
[EventType "swiss"]
[EventRounds "5"]
[EventCountry "CAN"]

1. d4 Nf6 2. Nf3 g6 3. Bg5 Bg7 4. Nbd2 h6 5. Bh4 d6 6. e4 O-O 7. c3 Nbd7 8. Qc2 g5 9. Bg3 Nh5 10. Be2 e5 11. dxe5 Nxg3 12. hxg3 dxe5 13. Nc4 Qe7 14. Ne3 Nf6 15. Nh2 Rd8 16. Bg4 Nxg4 17. Nhxg4 Bxg4 18. Nxg4 Rd6 19. Ne3 Qe6 20. Qb3 Rb6 21. Qxe6 Rxe6 22. O-O-O b5 23. Rd7 c6 24. Rhd1 Bf8 25. Nf5 a5 26. Rb7 g4 27. Kc2 Bc5 28. Rh1 Bf8 29. Rd7 Rc8 30. Ne3 Kg7 31. Rh4 Bc5 32. Nf5+ Kh7 33. Rxf7+ Kg8 34. Rg7+ Kh8 35. Rd7 Bxf2 36. Nxh6 Bxg3 37. Nf7+ Kg7 38. Rxg4+ Rg6 39. Nxe5+ Kf6 40. Rxg6+ Kxe5 41. Rxg3 Kxe4 42. Re7+ Kd5 43. Rd3+ Kc5 44. Re5+ Kb6 45. g4 a4 46. g5 a3 47. b4 Rg8 48. Rd6 Rf8 49. Rf6 Rh8 50. Ree6 Rh2+ 51. Kb3 Rb2+ 52. Kxa3 Rc2 53. Rxc6+ Kb7 54. Rce6 Rxc3+ 55. Kb2 Rc4 56. Re7+ Kb8 57. Rf8+ Rc8 58. Rb7+ Kxb7 59. Rxc8 Ka7 60. g6 Kb7 61. g7 Kb6 62. g8=N Kb7 63. Rc5 Kb6 64. Rg5 Kc7 65. Rh5 Kb7 66. Ka1 Ka7 67. a3 Kb7 68. Rh7+ Ka8 69. Rg7 Kb8 70. a4 bxa4 71. b5 Kc8 72. b6 Kb8 73. Ra7 a3 74. Ka2 Kc8 75. b7+ Kd8 76. b8=R# 1-0

[Event "Eastern Ontario op"]
[Site "Ottawa CAN"]
[Date "2025.06.15"]
[Round "4.19"]
[White "Pollitt, Henry"]
[Black "Graham, Douglas"]
[Result "1/2-1/2"]
[WhiteElo "1991"]
[BlackElo "1920"]
[WhiteFideId "-1"]
[WhiteFideId "-1"]
[PlyCount "75"]
[GameId "2190427943091854"]
[EventDate "2025.06.13"]
[EventType "swiss"]
[EventRounds "5"]
[EventCountry "CAN"]

1. e4 c6 2. Nc3 d5 3. Nf3 Bg4 4. Be2 e6 5. h3 Bxf3 6. Bxf3 Nd7 7. d4 dxe4 8. Nxe4 Ngf6 9. O-O Nxe4 10. Bxe4 Nf6 11. Bf3 Be7 12. c4 O-O 13. Be3 Qd7 14. Qb3 Rab8 15. Rfd1 b5 16. cxb5 Rxb5 17. Qc2 Nd5 18. a3 Rfb8 19. b4 Bf6 20. Rac1 R5b6 21. Qa4 a6 22. Rc4 h6 23. Rdc1 Rc8 24. Rc5 Bg5 25. Bxd5 exd5 26. Bxg5 hxg5 27. Ra5 Qb7 28. Rac5 Rb5 29. Qd1 a5 30. Rxb5 cxb5 31. Rxc8+ Qxc8 32. bxa5 Qc3 33. Qe2 Qxa5 34. Qe8+ Kh7 35. Qxf7 Qxa3 36. Qh5+ Kg8 37. Qe8+ Kh7 38. Qh5+ 1/2-1/2

[Event "Eastern Ontario op"]
[Site "Ottawa CAN"]
[Date "2025.06.15"]
[Round "4.23"]
[White "Gordon, David"]
[Black "Byl, Oliver"]
[Result "1-0"]
[WhiteElo "2081"]
[BlackElo "1886"]
[WhiteFideId "-1"]
[WhiteFideId "-1"]
[PlyCount "147"]
[GameId "2190427943091860"]
[EventDate "2025.06.13"]
[EventType "swiss"]
[EventRounds "5"]
[EventCountry "CAN"]

1. d4 d6 2. e4 Nf6 3. Nc3 e5 4. Nf3 Nbd7 5. Bc4 Be7 6. O-O O-O 7. a4 c6 8. Re1 h6 9. h3 Re8 10. a5 Bf8 11. d5 b5 12. Bb3 Qc7 13. dxc6 Qxc6 14. Nd5 a6 15. Nh2 Bb7 16. Qf3 Re6 17. Nxf6+ Rxf6 18. Qg3 Nc5 19. Bd5 Qc7 20. Ng4 Rg6 21. Nxh6+ Kh7 22. Ng4 Bxd5 23. exd5 Be7 24. b4 Nd7 25. Qd3 Rc8 26. Ne3 e4 27. Qxe4 Qc3 28. Bb2 Qxb2 29. Qxe7 Ne5 30. Ng4 Rxc2 31. Qh4+ Kg8 32. Nxe5 dxe5 33. Rab1 Qa2 34. Rbc1 Qxd5 35. g4 Rxc1 36. Rxc1 Rc6 37. Rxc6 Qxc6 38. Qd8+ Kh7 39. Qb6 Qc1+ 40. Kg2 Qc4 41. Qxa6 Qe4+ 42. Kh2 Qf4+ 43. Kg1 Qxb4 44. Qa8 Qe1+ 45. Kg2 b4 46. a6 b3 47. Qb7 Qa1 48. Qxb3 Qxa6 49. Qxf7 Qc6+ 50. Qf3 Qd6 51. Qe4+ Kg8 52. h4 Qe6 53. h5 Qd6 54. Kg3 Qa3+ 55. Qe3 Qa1 56. Qf3 Qd4 57. Qa8+ Kh7 58. Qf8 Qd5 59. Qf3 Qd4 60. g5 Qa1 61. h6 Qg1+ 62. Kh4 Qh2+ 63. Kg4 gxh6 64. Qf7+ Kh8 65. Qf8+ Kh7 66. gxh6 Qxh6 67. Qxh6+ Kxh6 68. Kf5 e4 69. Kxe4 Kg6 70. Ke5 Kg7 71. Ke6 Kf8 72. f4 Ke8 73. Kf6 Kf8 74. f5 1-0

[Event "Eastern Ontario op"]
[Site "Ottawa CAN"]
[Date "2025.06.15"]
[Round "5.1"]
[White "Latorre, Vincent"]
[Black "Sambuev, Bator"]
[Result "1/2-1/2"]
[WhiteElo "2362"]
[BlackElo "2502"]
[WhiteFideId "-1"]
[WhiteFideId "-1"]
[PlyCount "122"]
[GameId "2190427943112348"]
[EventDate "2025.06.13"]
[EventType "swiss"]
[EventRounds "5"]
[EventCountry "CAN"]

1. Nf3 d5 2. g3 c5 3. Bg2 Nf6 4. O-O e6 5. c4 d4 6. e3 Nc6 7. exd4 cxd4 8. d3 Bd6 9. Bg5 h6 10. Bxf6 Qxf6 11. Nbd2 Qe7 12. Rc1 O-O 13. Re1 Rd8 14. Nb3 Bc7 15. c5 Rb8 16. Rc4 Qf6 17. Nbd2 e5 18. a3 a5 19. Rc1 Be6 20. Nc4 Bg4 21. h3 Bh5 22. Qe2 Re8 23. g4 Bg6 24. Nfd2 Qh4 25. Ne4 f5 26. gxf5 Bxf5 27. Ncd6 Rf8 28. Nxf5 Rxf5 29. Qg4 Qxg4 30. hxg4 Rf4 31. g5 h5 32. Rc4 Ne7 33. Nd6 Ng6 34. Bd5+ Kf8 35. f3 b5 36. Rc2 Ke7 37. b4 a4 38. Kf2 Kd7 39. Bf7 Nh4 40. Bxh5 Nxf3 41. Re4 Nxg5+ 42. Rxf4 exf4 43. Bg4+ Kc6 44. Nf5 Rh8 45. Ne7+ Kb7 46. c6+ Ka7 47. Rc5 Nf7 48. Rxb5 Rb8 49. Rd5 Ne5 50. Bc8 Kb6 51. Bb7 Nxd3+ 52. Kf1 Ne5 53. Rxd4 Rd8 54. Nd5+ Rxd5 55. Rxd5 Nc4 56. Rg5 Nxa3 57. Ra5 Nc2 58. Rxa4 Kb5 59. Ra8 Nxb4 60. Rg8 Nxc6 61. Rxg7 Kb6 1/2-1/2

[Event "Eastern Ontario op"]
[Site "Ottawa CAN"]
[Date "2025.06.15"]
[Round "5.2"]
[White "Jaferian, Koosha"]
[Black "Moses, Neil"]
[Result "1/2-1/2"]
[WhiteElo "2459"]
[BlackElo "2320"]
[WhiteFideId "-1"]
[WhiteFideId "-1"]
[PlyCount "49"]
[GameId "2190427943091851"]
[EventDate "2025.06.13"]
[EventType "swiss"]
[EventRounds "5"]
[EventCountry "CAN"]

1. e4 c5 2. c3 Nf6 3. e5 Nd5 4. Nf3 e6 5. d4 cxd4 6. cxd4 d6 7. Bc4 Be7 8. O-O O-O 9. Qe2 a6 10. Qe4 dxe5 11. dxe5 Nd7 12. Bd3 g6 13. Bh6 Re8 14. Nbd2 b5 15. Qg4 Bb7 16. Ne4 Nb4 17. Rfd1 Nxd3 18. Rxd3 Bxe4 19. Qxe4 Nc5 20. Rxd8 Nxe4 21. Rd4 Nc5 22. Bg5 Rac8 23. Rad1 Bxg5 24. Nxg5 h6 25. Nf3 1/2-1/2

[Event "Eastern Ontario op"]
[Site "Ottawa CAN"]
[Date "2025.06.15"]
[Round "5.3"]
[White "Rodrigue-Lemieux, Shawn"]
[Black "Dukic, Zachary"]
[Result "1-0"]
[WhiteElo "2614"]
[BlackElo "2368"]
[WhiteFideId "-1"]
[WhiteFideId "-1"]
[PlyCount "77"]
[GameId "2190427943112345"]
[EventDate "2025.06.13"]
[EventType "swiss"]
[EventRounds "5"]
[EventCountry "CAN"]

1. e4 d6 2. d4 Nf6 3. Nc3 e5 4. Nf3 Nbd7 5. Rg1 c6 6. g4 h6 7. Be3 Be7 8. a3 Nf8 9. h3 Ng6 10. g5 hxg5 11. Nxg5 Ng4 12. Rxg4 exd4 13. Nxf7 Kxf7 14. Bc4+ d5 15. exd5 Bxg4 16. Qxg4 Ne5 17. Qe6+ Kf8 18. Qxe5 Bf6 19. Qg3 dxe3 20. O-O-O Bxc3 21. dxc6 Bxb2+ 22. Kxb2 Qf6+ 23. Ka2 b5 24. Bb3 e2 25. Re1 Re8 26. c7 g6 27. Rxe2 Kg7 28. Rxe8 Rxe8 29. Qg4 Qc6 30. Qd4+ Kh7 31. Qd8 a5 32. Kb1 b4 33. a4 Re1+ 34. Ka2 Qc3 35. Bg8+ Kg7 36. Qd7+ Kh6 37. Qh7+ Kg5 38. h4+ Kf4 39. Qf7+ 1-0

[Event "Eastern Ontario op"]
[Site "Ottawa CAN"]
[Date "2025.06.15"]
[Round "5.4"]
[White "Masse, Hugues"]
[Black "Chen, Max"]
[Result "0-1"]
[WhiteElo "2259"]
[BlackElo "2392"]
[WhiteFideId "-1"]
[WhiteFideId "-1"]
[PlyCount "54"]
[GameId "2190427943091862"]
[EventDate "2025.06.13"]
[EventType "swiss"]
[EventRounds "5"]
[EventCountry "CAN"]

1. a3 g6 2. Nf3 Bg7 3. c4 Nf6 4. Nc3 O-O 5. e4 e5 6. d3 Re8 7. Be2 c6 8. O-O d5 9. cxd5 cxd5 10. Bg5 d4 11. Nd5 Be6 12. Nxf6+ Bxf6 13. Bxf6 Qxf6 14. Nd2 Nd7 15. Bg4 Bxg4 16. Qxg4 Nc5 17. Qe2 Qa6 18. Nc4 Rac8 19. b4 Nxd3 20. b5 Qe6 21. Qxd3 Qxc4 22. Qb1 d3 23. Rd1 Red8 24. f3 Qd4+ 25. Kh1 Rc2 26. Qb4 d2 27. Qe7 Rc1 0-1

[Event "Eastern Ontario op"]
[Site "Ottawa CAN"]
[Date "2025.06.15"]
[Round "5.6"]
[White "Demchenko, Svitlana"]
[Black "Zhu, Elber"]
[Result "1-0"]
[WhiteElo "2353"]
[BlackElo "2103"]
[WhiteFideId "-1"]
[WhiteFideId "-1"]
[PlyCount "71"]
[GameId "2190427943091861"]
[EventDate "2025.06.13"]
[EventType "swiss"]
[EventRounds "5"]
[EventCountry "CAN"]

1. d4 Nf6 2. Nf3 d5 3. c3 c5 4. dxc5 e6 5. b4 a5 6. e3 b6 7. cxb6 axb4 8. Qd4 Nbd7 9. Bb5 Rb8 10. cxb4 Qxb6 11. a4 Qxd4 12. Nxd4 Bxb4+ 13. Ke2 Bc5 14. Nd2 Bxd4 15. exd4 O-O 16. Ba3 Re8 17. Rhc1 Ra8 18. Bc6 Ba6+ 19. Ke3 Rab8 20. Rc2 Rec8 21. Rac1 h5 22. Bd6 Rb6 23. a5 Rbxc6 24. Rxc6 Rxc6 25. Rxc6 Bb5 26. Rc8+ Kh7 27. f3 Ba6 28. Ra8 Bb7 29. Ra7 Bc6 30. Nb3 Ne8 31. Bg3 h4 32. Bc7 Ba4 33. Nc5 Nxc5 34. dxc5 Nxc7 35. Rxc7 Bb5 36. c6 1-0